Worksheets don't grow dendrites (Record no. 24097)

MARC details
000 -LEADER
fixed length control field 00681nam a22002057a 4500
003 - CONTROL NUMBER IDENTIFIER
control field OSt
005 - DATE AND TIME OF LATEST TRANSACTION
control field 20260612112458.0
008 - FIXED-LENGTH DATA ELEMENTS--GENERAL INFORMATION
fixed length control field 260612b |||||||| |||| 00| 0 eng d
020 ## - INTERNATIONAL STANDARD BOOK NUMBER
International Standard Book Number 0-7619-3881-8
040 ## - CATALOGING SOURCE
Transcribing agency Chuka University Library
050 ## - LIBRARY OF CONGRESS CALL NUMBER
Classification number LB 1025.3
Item number .T3 2003
100 ## - MAIN ENTRY--PERSONAL NAME
Personal name Tate L. Marcia
9 (RLIN) 28810
245 ## - TITLE STATEMENT
Title Worksheets don't grow dendrites
Remainder of title Instructional strategies that engage brain
260 ## - PUBLICATION, DISTRIBUTION, ETC.
Place of publication, distribution, etc. Thousand Oaks, California
Name of publisher, distributor, etc. Corwin press ,INC
Date of publication, distribution, etc. 2003
300 ## - PHYSICAL DESCRIPTION
Extent 136
Other physical details Illustrations
650 ## - SUBJECT ADDED ENTRY--TOPICAL TERM
Topical term or geographic name entry element Effective teaching-handbooks ,manuals etc
9 (RLIN) 28811
650 ## - SUBJECT ADDED ENTRY--TOPICAL TERM
Topical term or geographic name entry element Lessons planning-handbooks ,manuals, etc
9 (RLIN) 28812
650 ## - SUBJECT ADDED ENTRY--TOPICAL TERM
Topical term or geographic name entry element Learning
9 (RLIN) 11399
942 ## - ADDED ENTRY ELEMENTS (KOHA)
Source of classification or shelving scheme Library of Congress Classification
Koha item type Long Loan Books
Suppress in OPAC No
Holdings
Withdrawn status Lost status Source of classification or shelving scheme Damaged status Not for loan Collection Home library Current library Shelving location Date acquired Source of acquisition Coded location qualifier Total Checkouts Full call number Barcode Date last seen Price effective from Koha item type
    Library of Congress Classification     General Collection Books Main Campus Library Main Campus Library General Stacks 12/06/2026 Donations from books for Africa 3883.41   LB 1025.3 .T3 2003 34191/2026 12/06/2026 12/06/2026 Long Loan Books

Powered by Koha